书目信息 |
| 题名: |
文艺复兴时代
|
|
| 作者: | 孔海鹰 著 | |
| 分册: | 乔尔乔内 提香 委罗内塞 丁托雷托 | |
| 出版信息: | 广州 暨南大学出版社 2002 |
|
| 页数: | 151页 | |
| 开本: | 20cm | |
| 丛书名: | 大师·美术 | |
| 单 册: | ||
| 中图分类: | J110.99 | |
| 科图分类: | ||
| 主题词: | 艺术--流派 , 艺术--流派--研究 | |
| 电子资源: | ||
| ISBN: | 7-81079-165-6 | |
| 000 | 00971oam2 2200265 450 | |
| 001 | 05002347559 | |
| 005 | 20050926173137.07 | |
| 010 | @a7-81079-165-6@dCNY28.00 | |
| 100 | @a20050114d2002 ekmy0chiy0120 ea | |
| 101 | 0 | @achi |
| 102 | @aCN@b440000 | |
| 105 | @aa z 000yd | |
| 200 | 1 | @a文艺复兴时代@9wen yi fu xing shi dai@i乔尔乔内 提香 委罗内塞 丁托雷托@f孔海鹰著@Fkong hai ying zhu |
| 210 | @a广州@c暨南大学出版社@d2002 | |
| 215 | @a151页@c图@d20cm | |
| 225 | 2 | @a大师·美术@f张坚主编 |
| 330 | @a本书以图文并茂的形式介绍了文艺复兴时代的大师乔尔乔内、提香、委罗内塞、丁托雷托的大作以及以他们为代表的画派的形成历史和风格特征等。 | |
| 461 | 0 | @12001 @a大师·美术 |
| 517 | 1 | @a乔尔乔内 提香 委罗内塞 丁托雷托@9qiao er qiao nei ti xiang wei luo nei sai ding tuo lei tuo |
| 606 | 0 | @a艺术@x流派 |
| 606 | 0 | @a艺术@x流派@x研究 |
| 690 | @aJ110.99@v4 | |
| 701 | 0 | @a孔海鹰@Akong hai ying@4著 |
| 801 | 0 | @aCN@bTSSF@c20050926 |
| 905 | @a10447@dJ110.99@e58 | |
| 文艺复兴时代.乔尔乔内 提香 委罗内塞 丁托雷托/孔海鹰著.-广州:暨南大学出版社,2002 |
| 151页:图;20cm.-(大师·美术/张坚主编) |
| ISBN 7-81079-165-6:CNY28.00 |
| 本书以图文并茂的形式介绍了文艺复兴时代的大师乔尔乔内、提香、委罗内塞、丁托雷托的大作以及以他们为代表的画派的形成历史和风格特征等。 |
| ● |
| 相关链接 |
|
|
|
|
正题名:文艺复兴时代
索取号:J110.99/58
 
预约/预借
| 序号 | 登录号 | 条形码 | 馆藏地/架位号 | 状态 | 备注 |
| 1 | 0363320 | 3633205 | 第一样本阅览室/ [索取号:J110.99/58] | 在馆 | |
| 2 | 0363321 | 3633214 | 第一借阅区/ [索取号:J110.99/58] | 在馆 | |
| 3 | 0363322 | 3633223 | 第一借阅区/ [索取号:J110.99/58] | 在馆 | |
| 4 | 0363323 | 3633232 | 第一借阅区/ [索取号:J110.99/58] | 在馆 | |
| 5 | 0363324 | 3633241 | 第一借阅区/ [索取号:J110.99/58] | 在馆 |